[Event "DSOL 02 Liga Gr-A 1st"]
[Site "Playchess.com INT"]
[Date "2020.07.06"]
[Round "3.3"]
[White "Schroeder, Joerg"]
[Black "Hackbusch, Thomas"]
[Result "1-0"]
[WhiteElo "1951"]
[BlackElo "1839"]
[PlyCount "107"]
[EventDate "2020.06.22"]
[EventType "team-tourn (rapid)"]
[EventCountry "GER"]
[SourceTitle "EXT 2021"]
[Source "ChessBase"]
[SourceDate "2020.10.23"]
[SourceVersion "1"]
[SourceVersionDate "2020.10.23"]
[SourceQuality "1"]
[WhiteTeam "Muenster"]
[BlackTeam "Porz SG II"]
[WhiteTeamCountry "GER"]
[BlackTeamCountry "GER"]

1. Nf3 Nf6 2. g3 g6 3. Bg2 Bg7 4. 0-0 0-0 5. d3 d6 6. e4 c5 7. Bg5 h6 8. Bd2 Nc6 9. c3 Rb8 10. Qc1 Kh7 11. Nh4 b5 12. f4 Qb6 13. h3 Bd7 14. Na3 e6 15. Be3 Qc7 16. Qd2 b4 17. Nc4 bxc3 18. bxc3 Na5 19. Nxa5 Qxa5 20. Rac1 Qa3 21. Rc2 Ba4 22. Qc1 Qxc1 23. Rcxc1 Rb2 24. e5 dxe5 25. fxe5 Nd7 26. d4 c4 27. Rf2 Rxf2 28. Bxf2 Rb8 29. Bf1 Nb6 30. Rb1 Rc8 31. Rb4 Bc2 32. Ng2 Bf8 33. Rb5 Be4 34. Ra5 Rc7 35. Ne3 Bd5 36. Nxd5 Nxd5 37. Be1 h5 38. Bg2 Rd7 39. Bd2 Bh6 40. Bxh6 Kxh6 41. Bxd5 exd5 42. Kf2 Kg5 43. Kf3 h4 44. g4 Kh6 45. Kf4 Rb7 46. Rxd5 Rb2 47. Rd7 g5+ 48. Kf5 Rf2+ 49. Ke4 Rh2 50. Rxf7 Rxh3 51. e6 Rh1 52. Kd5 Re1 53. Kd6 Kg6 54. Rf3 1-0

[Event "Dortmund Sparkassen op 47th"]
[Site "Dortmund"]
[Date "2019.07.19"]
[Round "7"]
[White "Biermann, Lenhard"]
[Black "Schroeder, Joerg"]
[Result "1-0"]
[WhiteElo "2056"]
[BlackElo "1985"]
[PlyCount "71"]
[EventDate "2019.07.13"]
[EventType "swiss"]
[EventRounds "9"]
[EventCountry "GER"]
[SourceTitle "EXT 2020"]
[Source "ChessBase"]
[SourceDate "2019.10.17"]
[SourceVersion "1"]
[SourceVersionDate "2019.10.17"]
[SourceQuality "1"]

1. d4 g6 2. Nf3 Bg7 3. g3 d6 4. Bg2 Bd7 5. 0-0 Qc8 6. Re1 Nc6 7. e4 Bg4 8. c3 e5 9. d5 Nd8 10. c4 Ne7 11. Nc3 h5 12. Qd3 f6 13. h4 0-0 14. Bd2 Nf7 15. b4 Qd7 16. Rac1 a6 17. Nh2 Bh3 18. a3 Kh7 19. Red1 Bh6 20. Qe2 Bxg2 21. Kxg2 Bxd2 22. Rxd2 Nh6 23. Rdc2 f5 24. exf5 Nexf5 25. Nf3 Ng4 26. Ne4 Qa4 27. Qd3 a5 28. b5 Nd4 29. Nxd4 exd4 30. Ng5+ Kh6 31. Re1 Rae8 32. Re6 Ne5 33. Qd2 Kg7 34. f4 d3 35. Rc3 Nxc4 36. Qxd3 1-0

[Event "Dortmund Sparkassen op 47th"]
[Site "Dortmund"]
[Date "2019.07.17"]
[Round "5"]
[White "Sonnenschein, Philipp"]
[Black "Schroeder, Joerg"]
[Result "1-0"]
[WhiteElo "2099"]
[BlackElo "1985"]
[PlyCount "77"]
[EventDate "2019.07.13"]
[EventType "swiss"]
[EventRounds "9"]
[EventCountry "GER"]
[SourceTitle "EXT 2020"]
[Source "ChessBase"]
[SourceDate "2019.10.17"]
[SourceVersion "1"]
[SourceVersionDate "2019.10.17"]
[SourceQuality "1"]

1. e4 c6 2. d4 d5 3. e5 g6 4. Nf3 Bg7 5. Bf4 Bg4 6. Nbd2 Nh6 7. h3 Bxf3 8. Nxf3 f6 9. Bd3 Nf7 10. Qe2 Qa5+ 11. Bd2 Qb6 12. exf6 Bxf6 13. 0-0-0 c5 14. c3 cxd4 15. cxd4 Nc6 16. Bc3 0-0-0 17. Qe6+ Kb8 18. Kb1 Rd6 19. Qg4 Nb4 20. Ne5 Nxd3 21. Rxd3 Qb5 22. Rhd1 Nd8 23. Qg3 a5 24. Be1 a4 25. a3 Ka8 26. Bb4 Rb6 27. Rc3 Ne6 28. Rdc1 Nxd4 29. Rc8+ Rxc8 30. Rxc8+ Ka7 31. Nc4 Nc6 32. Nxb6 Qf1+ 33. Ka2 Be5 34. Bc5 Ka6 35. Qg4 d4 36. Qe6 Kb5 37. Rxc6 Qe2 38. Nxa4 bxc6 39. Qb3+ 1-0

[Event "Dortmund Sparkassen op 47th"]
[Site "Dortmund"]
[Date "2019.07.15"]
[Round "3"]
[White "Homfeldt, Christopher"]
[Black "Schroeder, Joerg"]
[Result "0-1"]
[WhiteElo "1848"]
[BlackElo "1985"]
[PlyCount "64"]
[EventDate "2019.07.13"]
[EventType "swiss"]
[EventRounds "9"]
[EventCountry "GER"]
[SourceTitle "EXT 2020"]
[Source "ChessBase"]
[SourceDate "2019.10.17"]
[SourceVersion "1"]
[SourceVersionDate "2019.10.17"]
[SourceQuality "1"]

1. e4 g6 2. d4 Bg7 3. Nc3 c6 4. Bc4 d5 5. exd5 b5 6. Bb3 b4 7. Ne4 cxd5 8. Nc5 Nf6 9. Ba4+ Nbd7 10. Bf4 Qb6 11. Be5 0-0 12. Nxd7 Bxd7 13. Bxd7 Nxd7 14. Bxg7 Kxg7 15. Nf3 Rac8 16. 0-0 Rc4 17. Qe2 Nf6 18. a3 bxa3 19. b3 Rc3 20. Qxe7 Rxc2 21. Qxa3 Rb8 22. Qxa7 Qxb3 23. Ra3 Rb7 24. Qa8 Qb2 25. Ra2 Qxa2 26. Qxb7 Ne4 27. Qe7 Rxf2 28. Qe5+ f6 29. Qe7+ Kh6 30. Qf8+ Kh5 31. g4+ Kxg4 32. Ne5+ Kh5 0-1

[Event "Dortmund Sparkassen op-A 46th"]
[Site "Dortmund"]
[Date "2018.07.21"]
[Round "8"]
[White "Schroeder, Joerg"]
[Black "Oparaugo, Thomas"]
[Result "1-0"]
[WhiteElo "1970"]
[BlackElo "2064"]
[PlyCount "99"]
[EventDate "2018.07.14"]
[EventType "swiss"]
[EventRounds "9"]
[EventCountry "GER"]
[SourceTitle "CBM 185 Extra"]
[Source "ChessBase"]
[SourceDate "2018.07.29"]
[SourceVersion "1"]
[SourceVersionDate "2018.07.29"]
[SourceQuality "1"]

1. Nf3 d5 2. e3 Nf6 3. c4 c6 4. Nc3 Bg4 5. Qb3 Qb6 6. cxd5 Qxb3 7. axb3 Nxd5 8. Ra4 Bxf3 9. gxf3 g6 10. Nxd5 cxd5 11. e4 dxe4 12. fxe4 Bh6 13. Bb5+ Nd7 14. Ke2 a6 15. d4 Bg7 16. Be3 Rc8 17. Bd3 0-0 18. Rc4 b5 19. Rxc8 Rxc8 20. Ra1 Nb8 21. e5 e6 22. Be4 Bf8 23. Rc1 Rxc1 24. Bxc1 f6 25. f4 Kf7 26. Kd3 Bb4 27. Bb7 Ke7 28. Be3 Ba5 29. Bf2 h6 30. Be4 g5 31. exf6+ Kxf6 32. fxg5+ hxg5 33. Bg3 Nd7 34. Bb7 e5 35. Bc8 Ke7 36. Bxa6 Bb6 37. Bxb5 Bxd4 38. Bxd7 Kxd7 39. Ke4 Ke6 40. h3 Bxb2 41. Be1 Kf6 42. b4 Bd4 43. b5 Bb6 44. Bc3 Bc7 45. Bd2 Kg6 46. Be3 Bb8 47. b6 Bd6 48. Kd5 Bb8 49. Bc5 e4 50. Kxe4 1-0

[Event "Ruhrgebiet VK3 0910"]
[Site "Ruhrgebiet"]
[Date "2009.10.04"]
[Round "2.2"]
[White "Gunkel, Christian"]
[Black "Schroeder, Joerg"]
[Result "1/2-1/2"]
[WhiteElo "2064"]
[BlackElo "1986"]
[PlyCount "65"]
[EventDate "2009.09.06"]
[EventType "team"]
[EventRounds "9"]
[EventCountry "GER"]
[SourceTitle "EXT 2011"]
[Source "ChessBase"]
[SourceDate "2010.11.26"]
[SourceVersion "1"]
[SourceVersionDate "2010.11.26"]
[SourceQuality "1"]
[WhiteTeam "Listiger Bauer"]
[BlackTeam "Bochum Uni"]
[WhiteTeamCountry "GER"]
[BlackTeamCountry "GER"]

1. Nf3 Nf6 2. c4 g6 3. Nc3 d5 4. e3 Bg7 5. d4 0-0 6. cxd5 Nxd5 7. Bc4 Nb6 8. Bb3 Nc6 9. 0-0 e5 10. dxe5 Nxe5 11. Nxe5 Bxe5 12. Qxd8 Rxd8 13. f4 Bg7 14. e4 Bd4+ 15. Kh1 Be6 16. h3 a6 17. Bxe6 fxe6 18. Rb1 Rd7 19. Ne2 Nc4 20. b3 Ne3 21. Rf3 Nd1 22. Kh2 Bc5 23. b4 Bb6 24. a4 c6 25. f5 e5 26. fxg6 hxg6 27. Bg5 Nf2 28. Ng3 Rf8 29. Rbb3 Rh7 30. h4 Ng4+ 31. Kh3 Nf2+ 32. Kh2 Ng4+ 33. Kh3 1/2-1/2

[Event "Ruhrgebiet VK3 0708"]
[Site "Germany"]
[Date "2007.10.21"]
[Round "2.5"]
[White "Schroeder, Joerg"]
[Black "Busslapp, Hartmut"]
[Result "1/2-1/2"]
[WhiteElo "1981"]
[BlackElo "1749"]
[PlyCount "45"]
[EventDate "2007.09.16"]
[EventType "team"]
[EventRounds "9"]
[EventCountry "GER"]
[SourceTitle "EXT 2009"]
[Source "ChessBase"]
[SourceDate "2008.11.26"]
[SourceVersion "1"]
[SourceVersionDate "2008.11.26"]
[SourceQuality "1"]
[WhiteTeam "Bochum Uni"]
[BlackTeam "RE Sued"]
[WhiteTeamCountry "GER"]
[BlackTeamCountry "GER"]

1. d4 Nf6 2. c4 c5 3. d5 b5 4. cxb5 a6 5. b6 g6 6. Nc3 Bg7 7. e4 d6 8. a4 a5 9. Nf3 0-0 10. Be2 Qxb6 11. 0-0 Bg4 12. Nd2 Bxe2 13. Qxe2 Nbd7 14. Nc4 Qb7 15. Nb5 Nb6 16. Bg5 Rfb8 17. Nxb6 Qxb6 18. Rad1 Rb7 19. f4 Ne8 20. f5 Nc7 21. Nxc7 Qxc7 22. f6 exf6 23. Rxf6 1/2-1/2

[Event "Herne Laufer op"]
[Site "Herne"]
[Date "2006.06.18"]
[Round "7"]
[White "Schroeder, Joerg"]
[Black "Barth, Hans Joachim"]
[Result "1/2-1/2"]
[WhiteElo "2018"]
[BlackElo "1828"]
[PlyCount "27"]
[EventDate "2006.06.14"]
[EventType "swiss"]
[EventRounds "7"]
[EventCountry "GER"]
[SourceTitle "CBM 112 Extra"]
[Source "ChessBase"]
[SourceDate "2006.07.14"]
[SourceVersion "1"]
[SourceVersionDate "2006.07.14"]
[SourceQuality "1"]

1. d4 Nf6 2. c4 c5 3. d5 b5 4. cxb5 a6 5. b6 a5 6. Nc3 Ba6 7. e4 Bxf1 8. Kxf1 d6 9. Qa4+ Nfd7 10. Nf3 Qxb6 11. e5 Qb4 12. Qxb4 axb4 13. Nb5 Ra5 14. a4 1/2-1/2

[Event "Cologne-ch"]
[Site "Cologne"]
[Date "2006.03.11"]
[Round "4"]
[White "Schroeder, Joerg"]
[Black "Anderton, Philip"]
[Result "1/2-1/2"]
[WhiteElo "2020"]
[BlackElo "2008"]
[PlyCount "63"]
[EventDate "2006.02.27"]
[EventType "swiss"]
[EventRounds "7"]
[EventCountry "GER"]
[SourceTitle "EXT 2007"]
[Source "ChessBase"]
[SourceDate "2006.11.23"]
[SourceVersion "1"]
[SourceVersionDate "2006.11.23"]
[SourceQuality "1"]

1. d4 Nf6 2. c4 e6 3. Nc3 Bb4 4. Qc2 c5 5. dxc5 Bxc5 6. Nf3 Nc6 7. a3 0-0 8. Bg5 Nd4 9. Nxd4 Bxd4 10. e3 Qa5 11. exd4 Qxg5 12. Ne4 Nxe4 13. Qxe4 d5 14. Qe5 Qg6 15. c5 f6 16. Qg3 e5 17. Qxg6 hxg6 18. Bd3 Bf5 19. Kd2 Kf7 20. b4 Rh8 21. h4 Rh5 22. g3 Bg4 23. Rhe1 e4 24. Be2 Bxe2 25. Rxe2 Rf5 26. Rc1 Rf3 27. Rc3 Rxc3 28. Kxc3 Ke6 29. f3 f5 30. f4 b6 31. Rb2 Kd7 32. a4 1/2-1/2

[Event "Cologne-ch"]
[Site "Cologne"]
[Date "2006.02.27"]
[Round "1"]
[White "Meertens, Martin"]
[Black "Schroeder, Joerg"]
[Result "1-0"]
[WhiteElo "2234"]
[BlackElo "2020"]
[PlyCount "81"]
[EventDate "2006.02.27"]
[EventType "swiss"]
[EventRounds "7"]
[EventCountry "GER"]
[SourceTitle "EXT 2007"]
[Source "ChessBase"]
[SourceDate "2006.11.23"]
[SourceVersion "1"]
[SourceVersionDate "2006.11.23"]
[SourceQuality "1"]

1. e4 c5 2. Nf3 e6 3. d4 cxd4 4. Nxd4 a6 5. Bd3 Bc5 6. Nb3 Ba7 7. Nc3 Nc6 8. Qe2 d6 9. Nd1 Nf6 10. Bg5 h6 11. Bd2 Qc7 12. f4 Bd7 13. Ne3 Nd4 14. Nxd4 Bxd4 15. c3 Ba7 16. a4 Bc6 17. Nc2 d5 18. e5 Ne4 19. Be3 Nc5 20. 0-0 Nxa4 21. Bxa7 Rxa7 22. Nd4 b5 23. f5 Bd7 24. Qg4 Nc5 25. Qxg7 Rf8 26. fxe6 Nxe6 27. Qf6 Qc5 28. b4 Qe7 29. Qxe7+ Kxe7 30. Nf5+ Kd8 31. Nxh6 Bc6 32. Nf5 Rg8 33. Ra2 Ng5 34. h4 Ne4 35. Bxe4 dxe4 36. Rd2+ Ke8 37. Kh2 Rc7 38. h5 Rg5 39. Nd6+ Kf8 40. Rf5 Rxg2+ 41. Rxg2 1-0

[Event "Cologne-ch"]
[Site "Cologne"]
[Date "2006.02.27"]
[Round "2"]
[White "Tuerk, Philipp"]
[Black "Schroeder, Joerg"]
[Result "1-0"]
[WhiteElo "2174"]
[BlackElo "2020"]
[PlyCount "75"]
[EventDate "2006.02.27"]
[EventType "swiss"]
[EventRounds "7"]
[EventCountry "GER"]
[SourceTitle "EXT 2007"]
[Source "ChessBase"]
[SourceDate "2006.11.23"]
[SourceVersion "1"]
[SourceVersionDate "2006.11.23"]
[SourceQuality "1"]

1. e4 c5 2. Nf3 Nc6 3. d4 cxd4 4. Nxd4 Nf6 5. Nc3 e5 6. Ndb5 d6 7. Nd5 Nxd5 8. exd5 Nb8 9. c4 a6 10. Nc3 Be7 11. Be2 0-0 12. 0-0 Nd7 13. f4 f5 14. Kh1 e4 15. Be3 g5 16. Bd4 gxf4 17. Rxf4 Ne5 18. g4 Nf3 19. gxf5 Bg5 20. Rxe4 Nxd4 21. Qxd4 Bxf5 22. Rg1 Bxe4+ 23. Nxe4 Rf5 24. h4 h6 25. hxg5 hxg5 26. Qe3 Re5 27. Rxg5+ Qxg5 28. Qxg5+ Rxg5 29. Nxg5 Rf8 30. Ne4 Rd8 31. Kg2 Kf7 32. Kf3 Ke7 33. b4 a5 34. c5 Rf8+ 35. Ke3 axb4 36. cxd6+ Kd8 37. Bb5 b6 38. Ng5 1-0

[Event "Duisburg Grossenbaum op"]
[Site "Duisburg"]
[Date "2005.05.15"]
[Round "4"]
[White "Maczkowiak, Thomas"]
[Black "Schroeder, Joerg"]
[Result "1-0"]
[WhiteElo "1944"]
[BlackElo "1654"]
[PlyCount "61"]
[EventDate "2005.05.13"]
[EventType "swiss"]
[EventRounds "7"]
[EventCountry "GER"]
[SourceTitle "EXT 2006"]
[Source "ChessBase"]
[SourceDate "2005.11.24"]
[SourceVersion "1"]
[SourceVersionDate "2005.11.24"]
[SourceQuality "1"]

1. Nf3 Nf6 2. g3 g6 3. Bg2 Bg7 4. 0-0 0-0 5. d3 d6 6. Nbd2 c5 7. e4 Nc6 8. a4 Rb8 9. Nc4 b6 10. Ne1 Qc7 11. Ne3 e6 12. f4 a6 13. f5 exf5 14. exf5 h5 15. fxg6 fxg6 16. Nd5 Nxd5 17. Bxd5+ Kh8 18. Rxf8+ Bxf8 19. Qf3 Bg4 20. Qf6+ Bg7 21. Qxg6 Ne7 22. Qe4 Nxd5 23. Qxd5 Be5 24. Kh1 Rf8 25. Bf4 Bxb2 26. Rb1 Be5 27. Ng2 Bd7 28. Re1 Bxa4 29. c4 Bc6 30. Qe6 Rf6 31. Bxe5 1-0

[Event "Bochum-ch"]
[Site "Bochum"]
[Date "2004.06.02"]
[Round "5"]
[White "Schroeder, Joerg"]
[Black "Meyers, Gerhard"]
[Result "1-0"]
[WhiteElo "1376"]
[BlackElo "1642"]
[PlyCount "55"]
[EventDate "2004.05.05"]
[EventType "swiss"]
[EventRounds "7"]
[EventCountry "GER"]
[SourceTitle "EXT 2006"]
[Source "ChessBase"]
[SourceDate "2005.11.24"]
[SourceVersion "1"]
[SourceVersionDate "2005.11.24"]
[SourceQuality "1"]

1. d4 g6 2. e4 d6 3. Nc3 Bg7 4. f4 c6 5. Nf3 Bg4 6. Be3 Nd7 7. h3 Bxf3 8. Qxf3 e5 9. dxe5 dxe5 10. f5 Ngf6 11. 0-0-0 0-0 12. g4 Re8 13. g5 Nh5 14. f6 Bf8 15. Qg4 Re6 16. Bc4 Rd6 17. Rxd6 Bxd6 18. Rd1 Qc7 19. Ne2 b5 20. Bb3 a5 21. a3 a4 22. Ba2 Rd8 23. Ng3 Nxg3 24. Qxg3 b4 25. axb4 Bxb4 26. c3 Ba5 27. Qh4 Nb6 28. Bxf7+ 1-0

[Event "Bochum-ch"]
[Site "Bochum"]
[Date "2004.05.05"]
[Round "1"]
[White "Schroeder, Joerg"]
[Black "Meise, Ulrich"]
[Result "1-0"]
[WhiteElo "1376"]
[BlackElo "1855"]
[PlyCount "57"]
[EventDate "2004.05.05"]
[EventType "swiss"]
[EventRounds "7"]
[EventCountry "GER"]
[SourceTitle "EXT 2006"]
[Source "ChessBase"]
[SourceDate "2005.11.24"]
[SourceVersion "1"]
[SourceVersionDate "2005.11.24"]
[SourceQuality "1"]

1. e4 e5 2. Nf3 d6 3. Bc4 Bg4 4. 0-0 Nc6 5. c3 Nf6 6. Qb3 Qd7 7. Bxf7+ Ke7 8. Bd5 Rb8 9. d4 Bxf3 10. gxf3 exd4 11. Bxc6 Qxc6 12. cxd4 h6 13. Nc3 a6 14. Bd2 Ke8 15. Rac1 Qd7 16. Ne2 c6 17. Rfe1 g5 18. Ng3 Be7 19. Nf5 Rh7 20. Rcd1 d5 21. Qd3 Kd8 22. e5 Nh5 23. Ng3 Nxg3 24. Qxh7 Nh5 25. Qxh6 Qh3 26. Bxg5 Qxf3 27. Bxe7+ Kxe7 28. Qd6+ Kf7 29. e6+ 1-0